000 00842nam a2200241 a 4500
005 20191224042316.0
008 110125s2010 ck a gr 000 0dspa d
020 _a9789587193787
040 _aCO-BoBLA
_cCO-BoBLA
_dCO-BoIAVH
041 0 _aspa
044 _ack
082 0 4 _a741.6
_bR48i
100 1 _aRiaño Moncada, Carlos Martín
_eautor
245 1 3 _aLa ilustración desde la perspectiva de lo digital /
_cCarlos Martín Riaño Moncada
260 _aBogotá (Colombia) :
_bUniversidad Nacional de Colombia. Facultad de Artes,
_c2010.
300 _a97 páginas :
_bilustraciones ;
_c21 x 14 cm.
490 0 _aPunto aparte
650 2 6 _aProcesamiento digital de imágenes
650 2 6 _aFormatos digitales
650 2 6 _aImágenes
650 2 4 _aSistemas multimedia
942 _2ddc
_cLIBRO
_03
999 _c19176
_d19176